000 00606nam a2200241Ia 4500
003 OSt
005 20221005070047.0
006 a|||||r|||| 00| 0
007 ta
008 221004b |||||||| |||| 00| 0 guj d
024 _a40669
037 _cTextual
040 _aCRL
_cCRL
_bguj
041 _2guj
_aguj
082 _aO156,3NME4,1, K5
100 _aMehata
245 0 _aSanakaro
260 _aMumbai
_bNavbharat sahitya mandir India
300 _a237p.
_ccm.
650 _aGUJRATI LITERATURE
942 _hO156,3NME4,1, K5
_cTEXL
_2cc
999 _c975593
_d975593